书目信息 |
| 题名: |
Director MX与Lingo多媒体开发实务
|
|
| 作者: | 周德兴 , 王林 编著 | |
| 分册: | ||
| 出版信息: | 北京 电子工业出版社 2005.01 |
|
| 页数: | 390页 | |
| 开本: | 25cm | |
| 丛书名: | 数字媒体学院 | |
| 单 册: | ||
| 中图分类: | TP312 , TP311.56 | |
| 科图分类: | ||
| 主题词: | 多媒体--软件工具--Director MX , 程序语言--Lingo--程序设计 | |
| 电子资源: | ||
| ISBN: | 7-121-00562-X | |
| 000 | 01072nam 2200289 450 | |
| 001 | 0140342531 | |
| 005 | 20050925174043.53 | |
| 010 | @a7-121-00562-X@dCNY39.00 (含光盘) | |
| 100 | @a20050429d2005 km y0chiy0120 ea | |
| 101 | 0 | @achi |
| 102 | @aCN@b110000 | |
| 105 | @aa z 000yy | |
| 200 | 1 | @aDirector MX与Lingo多媒体开发实务@ADirector MX yu Lingo duo mei ti kai fa shi wu@f周德兴, 王林编著@Fzhou de xing,wang lin bian zhu |
| 210 | @a北京@c电子工业出版社@d2005.01 | |
| 215 | @a390页@c图@d25cm@e光盘1片 | |
| 225 | 2 | @a数字媒体学院 |
| 307 | @a光盘 ISBN : 7-89496-542-1 | |
| 330 | @a本书详细地叙述了Director MX的基本应用,并通过大量实例来介绍Director MX多媒体软件的制作,包含了初学者要掌握的基础概念性的内容,以及多媒体软件Lingo语言高级编程等。 | |
| 410 | 0 | @12001 @a数字媒体学院 |
| 606 | 0 | @a多媒体@x软件工具@xDirector MX |
| 606 | 0 | @a程序语言@xLingo@x程序设计 |
| 690 | @aTP312@v4 | |
| 690 | @aTP311.56@v4 | |
| 701 | 0 | @a周德兴@Azhou de xing@4编著 |
| 701 | 0 | @a王林@Awang lin@4编著 |
| 801 | 0 | @aCN@bbQSSK@c20050925 |
| 905 | @a10447@dTP311.56@eZ757 | |
| Director MX与Lingo多媒体开发实务/周德兴, 王林编著.-北京:电子工业出版社,2005.01 |
| 390页:图;25cm+光盘1片.-(数字媒体学院) |
| ISBN 7-121-00562-X:CNY39.00 (含光盘) |
| 本书详细地叙述了Director MX的基本应用,并通过大量实例来介绍Director MX多媒体软件的制作,包含了初学者要掌握的基础概念性的内容,以及多媒体软件Lingo语言高级编程等。 |
| ● |
| 相关链接 |
|
|
|
正题名:Director MX与Lingo多媒体开发实务
索取号:TP311.56/Z757
 
预约/预借
| 序号 | 登录号 | 条形码 | 馆藏地/架位号 | 状态 | 备注 |
| 1 | 571321 | 205713218 | 期刊室512/301自科库 43排7列4层/ [索取号:TP311.56/Z757] | 在馆 | |
| 2 | 571322 | 205713227 | 自科二线404/404自科库 17排6列4层/ [索取号:TP311.56/Z757] | 在馆 |